000 01148cab a2200241 4500
001 WB3418-31
008 090401t1998 xxu||||| |||| 00| 0 eng d
035 _a(Sirsi) u86160
041 _aeng
245 _aAgricultural dwelling
260 _c1998
350 _a0
490 _aEstates Gazette
_v[1998] EGCS 72 (9/5/1998)
520 _a"North Devon DC v SoS Environment and others" QBD, 28 April 1998. Two agricultural dwellings subject to agricultural occupancy condition. The property was used as holiday accommodation for short summer lets and second and third respondents applied for of lawful use on the grounds that 10 years had expired since the date of the breach of the agricultural occupancy condition. SoS granted a certificate of lawful use. N applied to have the decision quashed. Application allowed.
650 _aAGRICULTURAL DWELLINGS
650 _aAGRICULTURAL OCCUPANCY CONDITIONS
650 _aBREACH OF CONDITION
650 _aCERTIFICATE OF LAWFUL USE
650 _aTOWN AND COUNTRY PLANNING ACT 1990 S191
690 _aLANDLORD AND TENANT-CASE LAW-AGRICULTURAL TENANCIES
942 _n0
948 _c13/05/1998
999 _c54199
_d54199